00377nam a2200109Ia 4500008004100000050002400041100002400065245004300089260008600132300003300218521001600251140724s9999 xx 000 0 und d aHB 615b.Si588 2012 aSim, Ma Monicque A. aEM Rice Center /cMa. Monicque A. Sim. aLas Piñas, Philippines :bSouthville International School and Colleges,cc2012. a35 p. :bcol. Ill. ;c28 cm. aEntrepeneur